[Event "Rated Blitz game"]
[Site "?"]
[Date "2021.01.21"]
[Round "?"]
[White "Henry940622"]
[Black "valenteramoz"]
[Result "0-1"]
[WhiteElo "2342"]
[BlackElo "2410"]
[PlyCount "150"]
[EventDate "2021.??.??"]
[EventType "blitz"]
[TimeControl "180"]

1. e4 e5 2. Nf3 Nc6 3. Nc3 Nf6 4. Nxe5 Nxe5 5. d4 Ng6 6. e5 Ng8 7. Bc4 c6 8.
Qf3 f5 9. O-O d5 10. exd6 Bxd6 11. Re1+ N8e7 12. Bg5 Qc7 13. h3 Bd7 14. d5
O-O-O 15. Rad1 h6 16. Bxe7 Nxe7 17. a4 Kb8 18. b4 Bxb4 19. d6 Bxd6 20. Rb1 g5
21. a5 Qxa5 22. Ra1 Qc7 23. Reb1 Bc5 24. Na4 Bd4 25. c3 Bb6 26. Nxb6 axb6 27.
Qe2 Qd6 28. Rd1 Qc5 29. Qa2 Kc7 30. Be6 Bxe6 31. Qxe6 Rxd1+ 32. Rxd1 Rd8 33.
Re1 Rd7 34. Qxh6 g4 35. Qf4+ Qd6 36. Qe3 gxh3 37. Qxh3 Nd5 38. c4 Re7 39. Rd1
Nf4 40. Qf3 Ne2+ 41. Qxe2 Rxe2 42. Rxd6 Kxd6 43. Kf1 Rc2 44. g3 Rxc4 45. Kg2 f4
46. Kf3 fxg3 47. Kxg3 Rc3+ 48. Kg4 Rc2 49. f4 Rf2 50. Kg5 Rxf4 51. Kxf4 Kd5 52.
Ke3 Kc4 53. Kd2 b5 54. Kc2 Kb4 55. Kb2 Ka4 56. Ka2 b4 57. Kb2 Kb5 58. Ka2 c5
59. Kb2 c4 60. Kc2 c3 61. Kb3 Kc5 62. Kc2 Kc4 63. Kd1 b3 64. Ke2 c2 65. Ke3 Kb4
66. Ke4 Ka3 67. Ke5 c1=Q 68. Kd4 b2 69. Kd5 b1=Q 70. Kd6 Qbb2 71. Kd7 Qbd2+ 72.
Ke6 Qce1+ 73. Kf5 Qdf2+ 74. Kg4 Qeg1+ 75. Kh3 Qfh2# {Normal} 0-1

[Event "Rated Blitz tournament mSO7xA17"]
[Site "?"]
[Date "2021.01.21"]
[Round "?"]
[White "Starinov"]
[Black "Augustine7"]
[Result "1-0"]
[WhiteElo "2407"]
[BlackElo "2304"]
[PlyCount "67"]
[EventDate "2021.??.??"]
[EventType "blitz"]
[TimeControl "180"]

1. e4 e5 2. Nf3 Nc6 3. Nc3 Nf6 4. Nxe5 Nxe5 5. d4 Ng6 6. e5 Ng8 7. Bc4 d6 8.
Qf3 f6 9. O-O dxe5 10. dxe5 Nxe5 11. Re1 Bd6 12. Bf4 Ne7 13. Bxe5 fxe5 14. Qf7+
Kd7 15. Be6+ Kc6 16. Bb3 b5 17. Qf3+ Kb6 18. Qxa8 Bb7 19. Qxd8 Rxd8 20. Rad1
Rf8 21. Nd5+ Bxd5 22. Bxd5 g5 23. f3 Nf5 24. c3 h5 25. Be4 Ne7 26. b4 a5 27. a3
axb4 28. axb4 Rf6 29. h3 Rf4 30. g3 Rf7 31. Kg2 Rg7 32. Ra1 Rf7 33. Ra8 g4 34.
Rb8+ {Normal} 1-0

[Event "Rated Blitz game"]
[Site "?"]
[Date "2021.01.21"]
[Round "?"]
[White "Koningsveld"]
[Black "RMusil"]
[Result "0-1"]
[WhiteElo "2362"]
[BlackElo "2501"]
[PlyCount "74"]
[EventDate "2021.??.??"]
[EventType "blitz"]
[TimeControl "180+2"]

1. e4 e5 2. Nf3 Nc6 3. Nc3 Nf6 4. Nxe5 Nxe5 5. d4 Bb4 6. dxe5 Nxe4 7. Qg4 d5 8.
Qxg7 Rf8 9. Bd3 Nxc3 10. Bd2 Nxa2 11. c3 Bc5 12. Rxa2 Qh4 13. O-O Qg4 14. Qxg4
Bxg4 15. Bxh7 Rh8 16. Bd3 Rh5 17. h3 Be6 18. b4 Bb6 19. Kh2 Rxe5 20. f4 Rh5 21.
f5 Bd7 22. Re1+ Kf8 23. g4 Rh7 24. f6 Rh8 25. Kg3 Re8 26. Rxe8+ Kxe8 27. Bf4
Be6 28. Re2 Kd7 29. Bb5+ c6 30. Bd3 a5 31. Be3 Bxe3 32. Rxe3 a4 33. b5 a3 34.
bxc6+ Kxc6 35. Re2 d4 36. c4 Kc5 37. Ra2 Kb4 {Normal} 0-1

[Event "Rated Blitz game"]
[Site "?"]
[Date "2021.01.20"]
[Round "?"]
[White "viniciustine"]
[Black "Quillotamaster"]
[Result "1-0"]
[WhiteElo "2371"]
[BlackElo "2464"]
[PlyCount "53"]
[EventDate "2021.??.??"]
[EventType "blitz"]
[TimeControl "180"]

1. e4 e5 2. Nf3 Nc6 3. Nc3 Nf6 4. Nxe5 Nxe5 5. d4 Ng6 6. e5 Ng8 7. Bc4 d5 8.
Bxd5 c6 9. Bb3 Bb4 10. Qf3 Be6 11. Bxe6 fxe6 12. O-O Qxd4 13. Qh3 Qd7 14. Rd1
Qf7 15. Ne4 h6 16. Bd2 Be7 17. f4 O-O-O 18. Be3 Nxf4 19. Bxf4 Qxf4 20. Qxe6+
Kc7 21. Nd6 Bxd6 22. exd6+ Rxd6 23. Qe8 Kb6 24. c4 Rf6 25. Qd8+ Ka6 26. b4 Qxc4
27. Qa5# {Normal} 1-0

[Event "Rated Blitz game"]
[Site "?"]
[Date "2021.01.20"]
[Round "?"]
[White "Obi_Wan_Benoni"]
[Black "AdamTaylor2301"]
[Result "1-0"]
[WhiteElo "2379"]
[BlackElo "2427"]
[PlyCount "99"]
[EventDate "2021.??.??"]
[EventType "blitz"]
[TimeControl "180"]

1. e4 e5 2. Nf3 Nc6 3. Nc3 Nf6 4. Nxe5 Nxe5 5. d4 Nc6 6. d5 Bb4 7. dxc6 Nxe4 8.
Qd4 Qe7 9. Be3 dxc6 10. Qxg7 Rf8 11. Bd3 Nxc3 12. bxc3 Bc5 13. O-O Bxe3 14.
Rfe1 Bxf2+ 15. Kxf2 Be6 16. Qd4 c5 17. Qe4 O-O-O 18. Ba6 Qf6+ 19. Kg1 Bd5 20.
Qg4+ Be6 21. Qe4 bxa6 22. Qa8+ Kd7 23. Qxa7 Qxc3 24. Rad1+ Ke7 25. Qxc7+ Kf6
26. Rf1+ Kg7 27. Rxd8 Qe3+ 28. Kh1 Rxd8 29. Qxd8 Bc4 30. Qf6+ Kg8 31. Rd1 Qe8
32. h4 Be6 33. Rd8 Kf8 34. h5 c4 35. h6 c3 36. Qh8+ Ke7 37. Qxe8+ Kf6 38. Rd3
Kg5 39. Rxc3 Bf5 40. Qe7+ Kf4 41. Qh4+ Ke5 42. Re3+ Kd6 43. Qd4+ Kc7 44. Rc3+
Kb7 45. Qd5+ Ka7 46. Qxf5 Kb6 47. Qc5+ Kb7 48. Rb3+ Ka8 49. Qb6 a5 50. Qb7# {
Normal} 1-0

[Event "Rated Blitz game"]
[Site "?"]
[Date "2021.01.20"]
[Round "?"]
[White "FallschirmSpringer"]
[Black "artem-us"]
[Result "0-1"]
[WhiteElo "2493"]
[BlackElo "2431"]
[PlyCount "54"]
[EventDate "2021.??.??"]
[EventType "blitz"]
[TimeControl "180"]

1. e4 e5 2. Nf3 Nc6 3. Nc3 Nf6 4. Nxe5 Nxe5 5. d4 Ng6 6. e5 Ng8 7. Bc4 d6 8.
Qf3 Be6 9. Qxb7 Bxc4 10. Qc6+ Ke7 11. Qxc4 Rc8 12. O-O c6 13. exd6+ Qxd6 14.
Re1+ Kd8 15. Qxf7 Be7 16. Ne4 Qd5 17. Qxg7 Rc7 18. Bf4 Bd6 19. Bg5+ Kc8 20.
Nxd6+ Qxd6 21. Re8+ Kb7 22. Rxg8 Rxg7 23. Rxg7+ Ka6 24. Re1 Qxd4 25. Be3 Qxg7
26. c3 Rb8 27. b4 Qxc3 {Time forfeit} 0-1

[Event "Rated Blitz game"]
[Site "?"]
[Date "2021.01.20"]
[Round "?"]
[White "highway_star"]
[Black "idvidal"]
[Result "1-0"]
[WhiteElo "2398"]
[BlackElo "2495"]
[PlyCount "56"]
[EventDate "2021.??.??"]
[EventType "blitz"]
[TimeControl "180"]

1. e4 e5 2. Nf3 Nc6 3. Nc3 Nf6 4. Nxe5 Nxe5 5. d4 Bb4 6. dxe5 Nxe4 7. Qg4 d5 8.
Qxg7 Rf8 9. Bh6 Bf5 10. a3 Bc5 11. Nxe4 Bxe4 12. Bd3 Bxd3 13. cxd3 Qh4 14. O-O
O-O-O 15. Bg5 Qg4 16. h3 Qg3 17. Qf6 Rg8 18. h4 Qxd3 19. Rac1 Bb6 20. Qxf7 Rdf8
21. Qe6+ Kb8 22. Rcd1 Bxf2+ 23. Kh1 Qg3 24. Qxd5 h6 25. Rd3 Qg4 26. Rxf2 hxg5
27. Rxf8+ Rxf8 28. Qd8+ Rxd8 {Normal} 1-0

[Event "Rated Rapid tournament BKWWLJ0j"]
[Site "?"]
[Date "2021.01.20"]
[Round "?"]
[White "slowchess2021"]
[Black "BlackPanterOne"]
[Result "1/2-1/2"]
[WhiteElo "2416"]
[BlackElo "2408"]
[PlyCount "67"]
[EventDate "2021.??.??"]
[EventType "rapid"]
[TimeControl "600"]

1. e4 e5 2. Nf3 Nc6 3. Nc3 Nf6 4. Nxe5 Nxe5 5. d4 Ng6 6. e5 Ng8 7. Bc4 d5 8.
Nxd5 Be6 9. Ne3 Bxc4 10. Nxc4 c5 11. Qf3 cxd4 12. Qxb7 Rc8 13. O-O Qc7 14. Qxc7
Rxc7 15. b3 Bc5 16. Bb2 N8e7 17. Rfd1 Rd7 18. Nd6+ Bxd6 19. exd6 Rxd6 20. Bxd4
f6 21. Bxa7 Rxd1+ 22. Rxd1 O-O 23. a4 Rc8 24. Rd2 Ne5 25. f3 Kf7 26. Kf2 h5 27.
c4 N7c6 28. Bb6 g5 29. a5 Ra8 30. g3 Nb4 31. Rd1 Ke6 32. h3 Nec6 33. Re1+ Kf7
34. Ra1 {Normal} 1/2-1/2

[Event "Rated Blitz game"]
[Site "?"]
[Date "2021.01.19"]
[Round "?"]
[White "Rauchbach"]
[Black "AMR25"]
[Result "0-1"]
[WhiteElo "2338"]
[BlackElo "2420"]
[PlyCount "76"]
[EventDate "2021.??.??"]
[EventType "blitz"]
[TimeControl "180"]

1. e4 e5 2. Nf3 Nc6 3. Nc3 Nf6 4. Nxe5 Nxe5 5. d4 Nc6 6. d5 Be7 7. dxc6 dxc6 8.
Qxd8+ Bxd8 9. Bc4 O-O 10. O-O Re8 11. f3 a5 12. a4 Be7 13. Bf4 Bc5+ 14. Kh1 Bb6
15. Rfd1 Nh5 16. Bg5 h6 17. Bh4 g5 18. Be1 Nf4 19. Ne2 Nxe2 20. Bxe2 Be6 21.
Bc3 Kf8 22. g3 Ke7 23. Kg2 Red8 24. f4 gxf4 25. gxf4 f5 26. Kf3 fxe4+ 27. Kxe4
Bd5+ 28. Kf5 Rf8+ 29. Kg4 Rg8+ 30. Kh5 Be3 31. Be5 Raf8 32. Rxd5 cxd5 33. Bd3
Bxf4 34. Bc3 Rg5+ 35. Kh4 Bxh2 36. Re1+ Kd6 37. Bxa5 Be5 38. Bd2 Bg3+ {Normal}
0-1

[Event "Rated Blitz game"]
[Site "?"]
[Date "2021.01.19"]
[Round "?"]
[White "Henry940622"]
[Black "MasterOffPuppets"]
[Result "0-1"]
[WhiteElo "2362"]
[BlackElo "2452"]
[PlyCount "88"]
[EventDate "2021.??.??"]
[EventType "blitz"]
[TimeControl "180"]

1. e4 e5 2. Nf3 Nc6 3. Nc3 Nf6 4. Nxe5 Nxe5 5. d4 Nc6 6. d5 Ne5 7. f4 Bd6 8.
fxe5 Bxe5 9. Bd3 d6 10. Be3 Ng4 11. Qd2 Qh4+ 12. Kd1 Nxe3+ 13. Qxe3 O-O 14. g3
Qe7 15. Kd2 c5 16. Raf1 a6 17. Kc1 b5 18. Be2 Bd7 19. h4 c4 20. Nd1 Rfc8 21. g4
b4 22. Kb1 a5 23. g5 a4 24. h5 c3 25. g6 fxg6 26. hxg6 h6 27. Qf3 Rf8 28. Qh5
cxb2 29. Nxb2 b3 30. cxb3 axb3 31. axb3 Rab8 32. Bc4 Bb5 33. Rf7 Rxf7 34. gxf7+
Qxf7 35. Qxf7+ Kxf7 36. Bxb5 Rxb5 37. Kc2 Bxb2 38. Kxb2 Rb4 39. Re1 Kf6 40. Kc3
Rb8 41. b4 Ke5 42. Kc4 g5 43. b5 h5 44. Kb4 h4 {Time forfeit} 0-1

[Event "Rated Blitz game"]
[Site "?"]
[Date "2021.01.19"]
[Round "?"]
[White "Koningsveld"]
[Black "DoctorTancredi"]
[Result "1-0"]
[WhiteElo "2360"]
[BlackElo "2414"]
[PlyCount "35"]
[EventDate "2021.??.??"]
[EventType "blitz"]
[TimeControl "180+2"]

1. e4 e5 2. Nf3 Nf6 3. Nc3 Nc6 4. Nxe5 Nxe5 5. d4 Ng6 6. e5 Ng8 7. Qf3 Nh4 8.
Qe4 Bb4 9. Bd3 Nh6 10. O-O c6 11. a3 Be7 12. d5 Ng6 13. d6 Bg5 14. f4 Bh4 15.
g3 Be7 16. dxe7 Qxe7 17. f5 Nxe5 18. f6 {Normal} 1-0

[Event "Rated Blitz game"]
[Site "?"]
[Date "2021.01.19"]
[Round "?"]
[White "forbiddencheapos"]
[Black "purepecha1"]
[Result "1-0"]
[WhiteElo "2315"]
[BlackElo "2418"]
[PlyCount "135"]
[EventDate "2021.??.??"]
[EventType "blitz"]
[TimeControl "300"]

1. e4 e5 2. Nf3 Nc6 3. Nc3 Nf6 4. Nxe5 Nxe5 5. d4 Ng6 6. e5 Ng8 7. Bc4 c6 8.
Qf3 d5 9. exd6 Qf6 10. Qe2+ Be6 11. d5 cxd5 12. Nxd5 Qe5 13. Nc7+ Kd8 14. Bxe6
fxe6 15. Qxe5 Nxe5 16. Nxa8 Bxd6 17. Be3 b6 18. O-O-O Ke7 19. Rhe1 Nf6 20. Rxd6
Kxd6 21. Bf4 Nfd7 22. Nc7 Kxc7 23. Bxe5+ Nxe5 24. Rxe5 Kd6 25. f4 Rf8 26. g3
Rc8 27. Kd2 Rc4 28. c3 h6 29. h4 a6 30. b3 Rc7 31. Kd3 Rd7 32. Re4 Ke7+ 33. Rd4
Rc7 34. c4 a5 35. Re4 Kd6 36. Re5 Rf7 37. Ke4 Rc7 38. Rb5 Rc6 39. h5 Kc7 40.
Ke5 Rd6 41. g4 Kd7 42. a4 Kc7 43. c5 bxc5 44. Rxc5+ Kd7 45. Rxa5 Rd3 46. Ra7+
Kc6 47. Ra6+ Kd7 48. Rb6 Re3+ 49. Kd4 Rg3 50. a5 Rxg4 51. Ke5 Rg1 52. Rb7+ Kc6
53. a6 Re1+ 54. Kd4 Ra1 55. b4 Ra4 56. Ke5 Ra1 57. b5+ Kc5 58. Kxe6 Re1+ 59.
Kf7 Re4 60. Kxg7 Rxf4 61. a7 Ra4 62. b6 Kc6 63. Rb8 Kd7 64. Kxh6 Ra6 65. Kg7
Ra2 66. h6 Rg2+ 67. Kh7 Rf2 68. a8=Q {Normal} 1-0

[Event "Rated Blitz game"]
[Site "?"]
[Date "2021.01.18"]
[Round "?"]
[White "Filemon64"]
[Black "Freiheitskaempfer"]
[Result "1-0"]
[WhiteElo "2407"]
[BlackElo "2313"]
[PlyCount "101"]
[EventDate "2021.??.??"]
[EventType "blitz"]
[TimeControl "180"]

1. e4 e5 2. Nc3 Nf6 3. Nf3 Nc6 4. Nxe5 Nxe5 5. d4 Nc6 6. d5 Bb4 7. dxc6 Nxe4 8.
Qd4 Qe7 9. Be2 O-O 10. O-O Nxc3 11. bxc3 Bc5 12. cxb7 Bxb7 13. Qd3 Be4 14. Qd1
d5 15. Bd3 Rfe8 16. Re1 Qf6 17. Be3 Qxc3 18. Bxe4 dxe4 19. Bxc5 Qxc5 20. Qe2 f5
21. Rab1 Rad8 22. Rb5 Qc3 23. Rxf5 Rd2 24. Qb5 Rdd8 25. Qe2 Rd2 26. Qb5 Red8
27. Qb3+ Qxb3 28. axb3 Rxc2 29. g3 Rf8 30. Rxf8+ Kxf8 31. Rxe4 Rc3 32. Ra4 Rxb3
33. Rxa7 Rc3 34. Kg2 h5 35. h4 Kf7 36. Ra5 g6 37. Re5 Kf6 38. Re8 c6 39. Kf1
Kf7 40. Rc8 Kf6 41. Ke2 Rc2+ 42. Ke3 Kf5 43. Rf8+ Ke5 44. Re8+ Kf5 45. Rc8 Ke5
46. Kf3 Kf5 47. Kg2 Ke5 48. Rf8 Ke6 49. Kf3 Ke5 50. Re8+ Kf6 51. Rc8 {Time
forfeit} 1-0

[Event "Rated Blitz tournament ynbu2pmN"]
[Site "?"]
[Date "2021.01.18"]
[Round "?"]
[White "kiborg2007"]
[Black "PowerThinking2650"]
[Result "1-0"]
[WhiteElo "2449"]
[BlackElo "2352"]
[PlyCount "45"]
[EventDate "2021.??.??"]
[EventType "blitz"]
[TimeControl "180"]

1. e4 e5 2. Nf3 Nc6 3. Nc3 Nf6 4. Nxe5 Nxe5 5. d4 Ng6 6. e5 Ng8 7. Bc4 d5 8.
Bxd5 c6 9. Bb3 Bb4 10. O-O Bxc3 11. bxc3 N8e7 12. Ba3 O-O 13. c4 a5 14. Re1 a4
15. d5 axb3 16. axb3 cxd5 17. Bxe7 Nxe7 18. Rxa8 d4 19. Re4 Nc6 20. b4 Qc7 21.
b5 Nxe5 22. Qxd4 Rd8 23. Rxe5 {Normal} 1-0

[Event "Rated Blitz game"]
[Site "?"]
[Date "2021.01.18"]
[Round "?"]
[White "Penguin2003"]
[Black "Verdik"]
[Result "1-0"]
[WhiteElo "2481"]
[BlackElo "2433"]
[PlyCount "49"]
[EventDate "2021.??.??"]
[EventType "blitz"]
[TimeControl "180+2"]

1. e4 e5 2. Nf3 Nc6 3. Nc3 Nf6 4. Nxe5 Nxe5 5. d4 Ng6 6. e5 Ng8 7. Bc4 d6 8.
Qf3 Be6 9. Qxb7 Be7 10. Bxe6 fxe6 11. Qc6+ Kf7 12. Qf3+ Ke8 13. Qc6+ Kf7 14.
Qf3+ Ke8 15. Be3 d5 16. Qh3 Kd7 17. Nxd5 Bg5 18. f4 Bh6 19. O-O-O N8e7 20. Nxe7
Kxe7 21. d5 exd5 22. Bc5+ Ke8 23. Qe6+ Ne7 24. Rxd5 Bxf4+ 25. Kb1 {Normal} 1-0

[Event "Rated Rapid tournament ENnX7NRd"]
[Site "?"]
[Date "2021.01.18"]
[Round "?"]
[White "slowchess2021"]
[Black "Mikhail-Stepanenko71"]
[Result "0-1"]
[WhiteElo "2516"]
[BlackElo "2224"]
[PlyCount "36"]
[EventDate "2021.??.??"]
[EventType "rapid"]
[TimeControl "600"]

1. e4 e5 2. Nf3 Nc6 3. Nc3 Nf6 4. Nxe5 Nxe5 5. d4 Ng6 6. e5 Bb4 7. exf6 Qxf6 8.
Be3 d5 9. Qd2 c6 10. O-O-O Bf5 11. Be2 h6 12. Kb1 O-O-O 13. a3 Ba5 14. Rhf1
Rhe8 15. g4 Bd7 16. f4 Qe7 17. b4 Qxe3 18. Qxe3 Rxe3 {Normal} 0-1

[Event "Rated Blitz tournament ynbu2pmN"]
[Site "?"]
[Date "2021.01.18"]
[Round "?"]
[White "kiborg2007"]
[Black "alegriblog"]
[Result "1-0"]
[WhiteElo "2463"]
[BlackElo "2335"]
[PlyCount "133"]
[EventDate "2021.??.??"]
[EventType "blitz"]
[TimeControl "180"]

1. e4 e5 2. Nf3 Nc6 3. Nc3 Nf6 4. Nxe5 Nxe5 5. d4 Ng6 6. e5 Ng8 7. Bc4 d6 8.
Qf3 Be6 9. Qxb7 Bxc4 10. Qc6+ Ke7 11. Qxc4 dxe5 12. Nd5+ Kd7 13. O-O Bd6 14.
Be3 e4 15. Nc3 Qh4 16. g3 Qg4 17. Qb5+ Kd8 18. Qb7 Rc8 19. Nxe4 Nh4 20. Nxd6
cxd6 21. Qxf7 Nf3+ 22. Kh1 Nf6 23. Bf4 Rc7 24. Qb3 Qh3 25. Qxf3 Ng4 26. Bg5+
Kd7 27. Qg2 Qh5 28. Bf4 Rxc2 29. h3 Re8 30. Rac1 Ree2 31. Rxc2 Rxc2 32. Kg1 Nf6
33. Re1 Re2 34. Rc1 Qd5 35. Qf1 Rxb2 36. Qd3 Rb7 37. Be3 Rc7 38. Rb1 Rb7 39.
Re1 Rb2 40. Qc3 Rb7 41. Qa3 Rc7 42. Qa4+ Qc6 43. Qd1 Qc2 44. Qf3 Qc6 45. Qf5+
Kd8 46. Bg5 Qd7 47. Bxf6+ gxf6 48. Qxf6+ Kc8 49. d5 Kb8 50. Rb1+ Rb7 51. Qf8+
Kc7 52. Rc1+ Kb6 53. Qf4 Rc7 54. Qb4+ Qb5 55. Rb1 Qxb4 56. Rxb4+ Kc5 57. Rf4
Kxd5 58. Kg2 Rc2 59. Rf3 Rxa2 60. Re3 Ra3 61. Rf3 Rxf3 62. Kxf3 Kd4 63. g4 Kd3
64. g5 Kd2 65. g6 Kd1 66. g7 Ke1 67. g8=Q {Time forfeit} 1-0

[Event "Rated Blitz game"]
[Site "?"]
[Date "2021.01.18"]
[Round "?"]
[White "Penguin2003"]
[Black "MWeedkiller"]
[Result "1-0"]
[WhiteElo "2401"]
[BlackElo "2516"]
[PlyCount "31"]
[EventDate "2021.??.??"]
[EventType "blitz"]
[TimeControl "180+2"]

1. e4 e5 2. Nf3 Nc6 3. Nc3 Nf6 4. Nxe5 Nxe5 5. d4 Nc6 6. d5 Nb8 7. e5 Ng8 8. d6
c6 9. Bc4 b5 10. Bb3 Qh4 11. Qf3 f6 12. Ne4 Nh6 13. exf6 gxf6 14. Nxf6+ Kd8 15.
Nxh7 Qg4 16. Qf6+ {Time forfeit} 1-0

[Event "Rated Blitz tournament 5Mmx6Mq3"]
[Site "?"]
[Date "2021.01.17"]
[Round "?"]
[White "FallschirmSpringer"]
[Black "BughouseKnight"]
[Result "1/2-1/2"]
[WhiteElo "2478"]
[BlackElo "2390"]
[PlyCount "48"]
[EventDate "2021.??.??"]
[EventType "blitz"]
[TimeControl "180+2"]

1. e4 e5 2. Nf3 Nc6 3. Nc3 Nf6 4. Nxe5 Nxe5 5. d4 Ng6 6. e5 Ng8 7. Bc4 d6 8.
Qf3 Be6 9. Qxb7 Rb8 10. Qc6+ Bd7 11. Qf3 Be6 12. Bb5+ Bd7 13. Bc4 Be6 14. Bb5+
Rxb5 15. Nxb5 dxe5 16. Qc6+ Bd7 17. Nxc7+ Ke7 18. Nd5+ Ke8 19. Nc7+ Ke7 20.
Qc5+ Kf6 21. Nd5+ Ke6 22. Nc7+ Kf6 23. Nd5+ Ke6 24. Nc7+ Kf6 {Normal} 1/2-1/2

[Event "Rated Blitz tournament 7wAC2Yvx"]
[Site "?"]
[Date "2021.01.17"]
[Round "?"]
[White "sloeber84"]
[Black "JohanDerksen"]
[Result "0-1"]
[WhiteElo "2224"]
[BlackElo "2619"]
[PlyCount "70"]
[EventDate "2021.??.??"]
[EventType "blitz"]
[TimeControl "180+2"]

1. e4 e5 2. Nf3 Nf6 3. Nc3 Nc6 4. Nxe5 Nxe5 5. d4 Nxe4 6. dxe5 Nxc3 7. bxc3 d6
8. Bc4 Be7 9. exd6 Qxd6 10. Qe2 O-O 11. O-O Qf6 12. Be3 Qxc3 13. Bd3 Bd6 14.
Rab1 Qe5 15. g3 b6 16. Rb5 c5 17. Qf3 Bd7 18. Rb3 Rac8 19. Bf4 Qf6 20. Qe4 g6
21. Bxd6 Qxd6 22. Bc4 Bc6 23. Qh4 Rce8 24. Rd3 Qe5 25. Re3 Qb2 26. Rxe8 Rxe8
27. Qf4 Qg7 28. Rd1 Qf8 29. Qc7 Rc8 30. Qxa7 b5 31. Be2 Qe8 32. Bf1 Qe4 33. f3
Qe3+ 34. Kg2 Qxf3+ 35. Kh3 Qh5# {Normal} 0-1

[Event "Rated Rapid tournament f0Y26lMM"]
[Site "?"]
[Date "2021.01.17"]
[Round "?"]
[White "Barretts_Gambiteer"]
[Black "dukicz123"]
[Result "0-1"]
[WhiteElo "2201"]
[BlackElo "2556"]
[PlyCount "44"]
[EventDate "2021.??.??"]
[EventType "rapid"]
[TimeControl "600+5"]

1. e4 e5 2. Nf3 Nc6 3. Nc3 Nf6 4. Nxe5 Nxe5 5. d4 Ng6 6. e5 Ng8 7. Bc4 d5 8.
Bxd5 N8e7 9. Bg5 Qd7 10. Be4 h6 11. Be3 Nf5 12. O-O Be7 13. Qd3 Nxe3 14. fxe3
O-O 15. Bd5 c6 16. Bc4 b5 17. Bb3 Qg4 18. h3 Qh5 19. Ne4 Nh4 20. Rf2 Qg6 21.
Raf1 Bf5 22. Rxf5 Qxg2# {Normal} 0-1

[Event "Rated Blitz game"]
[Site "?"]
[Date "2021.01.16"]
[Round "?"]
[White "Smetanov_N"]
[Black "Plaskett7"]
[Result "0-1"]
[WhiteElo "2323"]
[BlackElo "2596"]
[PlyCount "42"]
[EventDate "2021.??.??"]
[EventType "blitz"]
[TimeControl "180+2"]

1. e4 Nc6 2. Nc3 e5 3. Nf3 Nf6 4. Nxe5 Nxe5 5. d4 Nc6 6. d5 Ne5 7. f4 Ng6 8. e5
Bb4 9. exf6 Qxf6 10. Qf3 O-O 11. Bd2 Re8+ 12. Be2 Bxc3 13. Bxc3 Qxf4 14. O-O
Qxf3 15. Bxf3 d6 16. Rae1 Bf5 17. Bd1 Be4 18. Bf3 Bxc2 19. Rc1 Ba4 20. Bd4 Re7
21. Rc4 Bb5 {Normal} 0-1

[Event "Rated Blitz tournament G82GcPTB"]
[Site "?"]
[Date "2021.01.15"]
[Round "?"]
[White "Starinov"]
[Black "KolhozZaria"]
[Result "0-1"]
[WhiteElo "2397"]
[BlackElo "2432"]
[PlyCount "160"]
[EventDate "2021.??.??"]
[EventType "blitz"]
[TimeControl "180"]

1. e4 e5 2. Nf3 Nc6 3. Nc3 Nf6 4. Nxe5 Nxe5 5. d4 Nc6 6. d5 Bb4 7. dxc6 O-O 8.
Bd3 bxc6 9. O-O d5 10. exd5 cxd5 11. h3 h6 12. Qf3 c6 13. Bf4 Bd6 14. Rfe1 Rb8
15. b3 Rb4 16. Bxd6 Qxd6 17. Rad1 Be6 18. Na4 c5 19. c4 d4 20. Bb1 Bxc4 21. Nb2
Ba6 22. Bd3 Bxd3 23. Nxd3 Rbb8 24. Re5 Rbc8 25. Rc1 Nd7 26. Rd5 Qe7 27. Re1 Qd8
28. Qf5 Rc7 29. Ne5 Qf6 30. Nxd7 Qxf5 31. Rxf5 Rxd7 32. Rxc5 d3 33. Rd1 d2 34.
Rc2 Rfd8 35. Kf1 g6 36. Rc3 Kg7 37. Ke2 h5 38. h4 Re8+ 39. Re3 Red8 40. g3 Rd6
41. Rc3 R8d7 42. b4 Rd4 43. Rb3 Re7+ 44. Kf1 Red7 45. a4 a6 46. a5 R7d5 47. Ke2
Re5+ 48. Kf1 Red5 49. Rb2 Rd6 50. Ke2 R6d5 51. Rdxd2 Re4+ 52. Kd1 Rb5 53. Rd6
Rexb4 54. Rxb4 Rxb4 55. Rxa6 Ra4 56. Ke2 Ra3 57. Ra7 Ra2+ 58. Ke3 Ra3+ 59. Kf4
Ra4+ 60. Ke5 Ra2 61. f4 Rg2 62. a6 Rxg3 63. Rb7 Re3+ 64. Kd6 Ra3 65. Kc7 Kf6
66. a7 Kf5 67. Kb8 Kxf4 68. Rxf7+ Kg4 69. Rg7 Kxh4 70. Rxg6 Kh3 71. a8=Q Rxa8+
72. Kxa8 h4 73. Kb7 Kh2 74. Kc6 h3 75. Kd5 Kh1 76. Ke4 h2 77. Rb6 Kg2 78. Rb2+
Kg1 79. Kf3 h1=Q+ 80. Kg3 Qe4 {Time forfeit} 0-1

[Event "Rated Blitz game"]
[Site "?"]
[Date "2021.01.15"]
[Round "?"]
[White "venajalainen"]
[Black "RSUPE_MiRacLe"]
[Result "1-0"]
[WhiteElo "2734"]
[BlackElo "2645"]
[PlyCount "91"]
[EventDate "2021.??.??"]
[EventType "blitz"]
[TimeControl "180"]

1. e4 e5 2. Nf3 Nc6 3. Nc3 Nf6 4. Nxe5 Nxe5 5. d4 Ng6 6. e5 Ng8 7. Bc4 d5 8.
Bxd5 N8e7 9. Bb3 Nf5 10. Be3 Bb4 11. O-O O-O 12. Ne4 Qh4 13. Qf3 Be7 14. c3 h5
15. h3 c5 16. Kh2 cxd4 17. cxd4 Be6 18. Rad1 Rad8 19. Rd3 Nh6 20. Kg1 Bf5 21.
Nc5 Bxc5 22. Rd2 Be4 23. Qe2 Bb6 24. Bxh6 gxh6 25. g3 Qxh3 26. Qxe4 Qg4 27.
Qxg4 hxg4 28. Rfd1 Rd7 29. Kg2 Rfd8 30. e6 fxe6 31. Bxe6+ Kg7 32. Bxd7 Rxd7 33.
d5 Rd6 34. Re2 Kf6 35. Re4 h5 36. Rd3 Ne7 37. Rf4+ Kg5 38. Re4 Nxd5 39. Re5+
Kf6 40. Rexd5 Re6 41. Rxh5 Bc7 42. Rh6+ Kf7 43. Rxe6 Kxe6 44. Re3+ Kf5 45. Rd3
Bb6 46. Rc3 {Time forfeit} 1-0

[Event "Rated Blitz tournament 8IVHr6mo"]
[Site "?"]
[Date "2021.01.13"]
[Round "?"]
[White "championdemala"]
[Black "ivan1210"]
[Result "0-1"]
[WhiteElo "2329"]
[BlackElo "2456"]
[PlyCount "48"]
[EventDate "2021.??.??"]
[EventType "blitz"]
[TimeControl "180"]

1. e4 e5 2. Nf3 Nf6 3. Nc3 Nc6 4. Nxe5 Nxe5 5. d4 Nc6 6. e5 Ng8 7. Bc4 d6 8.
Qf3 Qe7 9. Nd5 Nxd4 10. Qe4 Qxe5 11. Qxe5+ dxe5 12. Nxc7+ Kd7 13. Nxa8 Nxc2+
14. Kd2 Nxa1 15. b3 Bb4+ 16. Kd3 Kc6 17. Bb2 Bf5+ 18. Ke3 Nc2+ 19. Kf3 Nf6 20.
Rc1 Bd2 21. Rd1 g5 22. Rxd2 h5 23. Bxe5 Bg4+ 24. Kg3 h4# {Normal} 0-1

[Event "Rated Blitz game"]
[Site "?"]
[Date "2021.01.13"]
[Round "?"]
[White "highway_star"]
[Black "Jakob19"]
[Result "1/2-1/2"]
[WhiteElo "2337"]
[BlackElo "2411"]
[PlyCount "31"]
[EventDate "2021.??.??"]
[EventType "blitz"]
[TimeControl "180"]

1. e4 e5 2. Nf3 Nf6 3. Nc3 Nc6 4. Nxe5 Nxe5 5. d4 Ng6 6. e5 Ng8 7. Bc4 d5 8.
Bxd5 N8e7 9. Bg5 h6 10. Qf3 Be6 11. Bxb7 Rb8 12. Bc6+ Bd7 13. Bd5 Be6 14. Bc6+
Bd7 15. Bd5 Be6 16. Bc6+ {Normal} 1/2-1/2

[Event "Rated Blitz game"]
[Site "?"]
[Date "2021.01.13"]
[Round "?"]
[White "Diring_E"]
[Black "chessforthemasses"]
[Result "1-0"]
[WhiteElo "2569"]
[BlackElo "2410"]
[PlyCount "109"]
[EventDate "2021.??.??"]
[EventType "blitz"]
[TimeControl "180+2"]

1. e4 e5 2. Nf3 Nc6 3. Nc3 Nf6 4. Nxe5 Nxe5 5. d4 Ng6 6. e5 Ng8 7. Qf3 d6 8.
Bc4 f6 9. O-O c6 10. Re1 Be7 11. exd6 Qxd6 12. d5 Ne5 13. Qg3 Nxc4 14. Bf4 Ne5
15. Qxg7 Bf5 16. Qxh8 O-O-O 17. dxc6 Qxc6 18. Bxe5 fxe5 19. Qxe5 Bg6 20. Rad1
Bd6 21. Qe6+ Kb8 22. g3 a6 23. Qd5 Ne7 24. Qxc6 Nxc6 25. Re6 Bc7 26. Rxd8+ Bxd8
27. Nd5 Bxc2 28. Re8 Kc8 29. Kg2 Kd7 30. Re1 a5 31. f3 a4 32. g4 Nd4 33. Ne3
Bg6 34. Rd1 Bf6 35. Nd5 Bg7 36. Nf4 Kc6 37. Nxg6 hxg6 38. f4 Ne6 39. f5 Nf4+
40. Kf3 g5 41. h4 Bxb2 42. hxg5 Nd5 43. g6 b5 44. g5 b4 45. f6 Nxf6 46. gxf6
Bxf6 47. Ke4 b3 48. a3 b2 49. Kf5 Bg7 50. Ke4 Kc5 51. Kd3 Kd5 52. Re1 Kd6 53.
Kc2 Kd7 54. Kb1 Bf6 55. Re4 {Normal} 1-0